Pest

Titel: Pest : a kezdetektől 1848-ig : from the beginning to 1848 / írta: Simon Katalin, Sudár Balázs, Ternovácz Bálint ... ; kiadja a ... HUN-REN Bölcsészettudományi Kutatóközpont Történettudományi Intézete és Budapest Főváros Levéltára ; Kartográfia: Nagy Béla ; Angol fordítás: Reed Zsuzsanna Mária
Verfasser: ; ;
Beteiligt: ;
Körperschaft:
Veröffentlicht: Budapest : HUN-REN Research Centre for the Humanities, 2025
Budapest : Budapest Főváros Levéltára, 2025
Umfang: 154 Seiten : Illustrationen, Karten + Kartenbeilagen, Rekonstruktionen und Reproduktionen von Karten, Stadtansichten
Format: Buch
Sprache: Ungarisch; Englisch
Schriftenreihe/
mehrbändiges Werk:
Magyar várostörténeti atlasz / Kiadja: A Magyar Tudományos Akadémia Várostörténeti Albizottsága megbizásaból. Edited by Katalin Szende. Szerkesztette és rajzolta: Banyó Péter ; 10
alle Bände anzeigen
Schlagworte:
ISBN: 9789634164890
ISSN: 2498-7166
Buchumschlag
X
alg: 54205610
001A    $03004:10-02-26 
001B    $03004:10-02-26 $t13:41:15.000 
001D    $03004:10-02-26 
001U    $0utf8 
001X    $00 
002@    $0AFu 
002C    $aText $btxt $2rdacontent 
002C    $akartografisches Bild $bcri $2rdacontent 
002C    $aunbewegtes Bild $bsti $2rdacontent 
002D    $aohne Hilfsmittel zu benutzen $bn $2rdamedia 
002E    $aBand $bnc $2rdacarrier 
002E    $aBlatt $bnb $2rdacarrier 
003@    $0542056100 
004A    $A978-963-416-489-0 
005A    $02498-7166 
010@    $ahun $aeng 
010E    $erda 
011@    $a2025 $n2025 
013D    $RBildband $RAtlaskartografie $RKarte $#Atlases $#Atlas $#Atlanti geografici $#Atlas $#atlases $#Atlas $#Atlas $#Weltatlas $#Bildatlas $#Topographischer Atlas $#Topografischer Atlas $#Atlanten $74143303-8 $8Atlas [Ts1] $9085561835 
021A    $aPest $da kezdetektől 1848-ig : from the beginning to 1848 $hírta: Simon Katalin, Sudár Balázs, Ternovácz Bálint ... ; kiadja a ... HUN-REN Bölcsészettudományi Kutatóközpont Történettudományi Intézete és Budapest Főváros Levéltára ; Kartográfia: Nagy Béla ; Angol fordítás: Reed Zsuzsanna Mária 
028A    $BVerfasser $4aut $7 $8Simon, Katalin [Tn3] $9432142754 
028C    $BVerfasser $#Balázs, Sudár $4aut $71051405173 $8Sudár, Balázs$Z1972- [Tp1] $9340383348 
028C    $BVerfasser $4aut $7 $8Ternovácz, Bálint [Tnu] $9542055457 
028C    $BKartograf $4ctg $7 $8Nagy, Béla [Tnx] $9170630943 
028C    $BÜbersetzer $4trl $8Papp Reed, Zsuzsanna [Tp3] $9502719818 
029F    $BHerausgebendes Organ $RMagyar Tudós Társaság $#MTA $#Academia Scientiarum Hungarica $#Ungarische Akademie der Wissenschaften $#UAW $#Akademija Nauk Vengrii $#Hungarian Academy of Sciences $#HAS $#Académie Hongroise des Sciences $#Vengerskaja Akademija Nauk $#Vengriya Fanlar akademiyasi $#Vengrija Fanlar akademijasi $#VAN $#Académie Nationale Hongroise des Sciences $#Académie des Sciences de Hongrie $#Accademia Ungherese delle Scienze $#Académie Hongroise $#Academia Scientiarum Hungariae $#Magyar Tud. Akadémia $#Magyar Tudom. Akadémia $#Magyar Tudományos Académia $#BNUU-yn šinžlėh uhaany akademi $#BNUU-yn shinzhlekh ukhaany akadjemi $#БНУУ-ын шинжлэх ухааны академи $#Венгерская академия наук $#Венгрия Фанлар академияси $4isb $735661-X $8Magyar Tudományos Akadémia [Tb1] $9040362361 
033A    $pBudapest $nHUN-REN Research Centre for the Humanities 
033A    $pBudapest $nBudapest Főváros Levéltára 
034D    $a154 Seiten 
034K    $aKartenbeilagen, Rekonstruktionen und Reproduktionen von Karten, Stadtansichten 
034M    $aIllustrationen, Karten 
036C    $aMagyar várostörténeti atlasz $fHungarian atlas of historic towns $x210 $hKiadja: A Magyar Tudományos Akadémia Várostörténeti Albizottsága megbizásaból. Edited by Katalin Szende. Szerkesztette és rajzolta: Banyó Péter $l10 
036D    $x210 $8Magyar várostörténeti atlasz / Kiadja: A Magyar Tudományos Akadémia Várostörténeti Albizottsága megbizásaból. Edited by Katalin Szende. Szerkesztette és rajzolta: Banyó Péter $9291915566 
037A    $aLiteraturverzeichnis Seite 143-148 
044K    $RBuda $RPest $#Budapest $#Haupt- und Residenzstadt Budapest $#Székesfőváros Budapest $#Boedapest $#Ofenpest $#Ofen-Pest $#Aquincum $#Budimpešta $#Budapesta $#Budapešta $#Budapeszt $#Budapešt $#Budapestum $#Buda $#Pest Ort $#Ofen Ort $#Pest-Buda $#Budapeşte $74008684-7 $8Budapest [Tg1] $9085015229 
044K    $RGeodäsie $RTopograf $RTopografin $#Topographical surveying $#Topographie $#Topografia $#Topografía $#topography $#Topographie $74133697-5 $8Topografie [Ts1] $9085486272 
044K    $RKosmografie $#Geography $#Géographie appliquée $#Regionalkunde $74073972-7 $8Landeskunde [Ts1] $9085208191 
044K    $RStadtplanung $RSchwellenanalyse $#Cities and towns Growth $#Croissance urbaine $#Stadtentwicklung $#Stadtentwicklung $#Stadtentwicklung $#Stadt Entwicklung $74056730-8 $8Stadtentwicklung [Ts1] $908515797X 
045F    $a910.94390905 $eDDC23BSB 
045F/01 $a910 
045F/03 $f0905 
045F/03 $f0904 
045F/03 $f0903 
045F/03 $g439 
045R    $aGeschichte -1848 
046L    $aText ungarisch und englisch 

lok: 54205610 24

exp: 54205610 24 1 #EPN
201B/01 $010-02-26 $t13:36:56.000 
201C/01 $010-02-26 
201U/01 $0utf8 
203@/01 $01335134506 
208@/01 $a10-02-26 $bz 
209A/01 $aK 54 II L 13 : 10 - 2° $dd $f050 $hK 54 2 L 13 / B 10 $x00 
209C/01 $aK 2026.00031 K $h26 00031 K 
220C/01 $awei 
247C/01 $8358050-7 Marburg, Bibliothek des Herder-Instituts Marburg $9102600961
LEADER 00000cam a2200000 cb4500
001 542056100
003 DE-603
005 20260210134115.0
007 tu
008 260210s2025 xx |||| | u00||u|hun c
020 |a 9789634164890 
022 |a 2498-7166 
035 |a (DE-599)HEB542056100 
040 |a DE-603  |b ger  |c DE-603  |d DE-603  |e rda 
041 |a hun  |a eng 
082 0 4 |8 1\u  |a 910.94390905  |q DE-101  |2 23/BSB 
085 |8 1\u  |b 910 
085 |8 1\u  |z 1  |s 0905 
085 |8 1\u  |z 1  |s 0904 
085 |8 1\u  |z 1  |s 0903 
085 |8 1\u  |z 2  |s 439 
100 1 |a Simon, Katalin  |e Verfasser  |4 aut  |0 (DE-603)432142754 
245 0 0 |a Pest  |b a kezdetektől 1848-ig : from the beginning to 1848  |c írta: Simon Katalin, Sudár Balázs, Ternovácz Bálint ... ; kiadja a ... HUN-REN Bölcsészettudományi Kutatóközpont Történettudományi Intézete és Budapest Főváros Levéltára ; Kartográfia: Nagy Béla ; Angol fordítás: Reed Zsuzsanna Mária 
264 1 |a Budapest  |b HUN-REN Research Centre for the Humanities  |c 2025 
264 1 |a Budapest  |b Budapest Főváros Levéltára  |c 2025 
300 |a 154 Seiten  |b Illustrationen, Karten  |e Kartenbeilagen, Rekonstruktionen und Reproduktionen von Karten, Stadtansichten 
336 |a Text  |b txt  |2 rdacontent 
336 |a kartografisches Bild  |b cri  |2 rdacontent 
336 |a unbewegtes Bild  |b sti  |2 rdacontent 
337 |a ohne Hilfsmittel zu benutzen  |b n  |2 rdamedia 
338 |a Band  |b nc  |2 rdacarrier 
338 |a Blatt  |b nb  |2 rdacarrier 
490 1 |a Magyar várostörténeti atlasz = Hungarian atlas of historic towns / Kiadja: A Magyar Tudományos Akadémia Várostörténeti Albizottsága megbizásaból. Edited by Katalin Szende. Szerkesztette és rajzolta: Banyó Péter  |v 10 
500 |a Literaturverzeichnis Seite 143-148 
546 |a Text ungarisch und englisch 
648 7 |a Geschichte -1848  |2 gnd 
650 7 |a Topografie  |0 (DE-588)4133697-5  |0 (DE-603)085486272  |2 gnd 
650 7 |a Landeskunde  |0 (DE-588)4073972-7  |0 (DE-603)085208191  |2 gnd 
650 7 |a Stadtentwicklung  |0 (DE-588)4056730-8  |0 (DE-603)08515797X  |2 gnd 
651 7 |a Budapest  |0 (DE-588)4008684-7  |0 (DE-603)085015229  |2 gnd 
655 7 |a Atlas  |2 gnd-content  |0 (DE-588)4143303-8  |0 (DE-603)085561835 
700 1 |a Sudár, Balázs  |d 1972-  |e Verfasser  |4 aut  |0 (DE-603)340383348  |0 (DE-588)1051405173  |2 gnd 
700 1 |a Ternovácz, Bálint  |e Verfasser  |4 aut  |0 (DE-603)542055457 
700 1 |a Nagy, Béla  |e Kartograf  |4 ctg  |0 (DE-603)170630943 
700 1 |a Papp Reed, Zsuzsanna  |e Übersetzer  |4 trl  |0 (DE-603)502719818  |0 (DE-588)1275671969  |2 gnd 
710 2 |a Magyar Tudományos Akadémia  |e Herausgebendes Organ  |4 isb  |0 (DE-603)040362361  |0 (DE-588)35661-X  |2 gnd 
830 0 |a Magyar várostörténeti atlasz  |v 10  |w (DE-603)291915566  |9 210  |7 am 
924 0 |9 Mb 50  |a (DE-603)1335134506  |b DE-Mb50  |c HES  |d d  |g K 54 II L 13 : 10 - 2°